| 000 | 00480nam a2200181 a 4500 | ||
|---|---|---|---|
| 005 | 20140412111412.0 | ||
| 008 | 070221s19uu xx 00 eng d | ||
| 020 | _a1-84236-109-0 | ||
| 050 |
_aM 599 _bJ63 2002 |
||
| 100 | _aJohnson, Jinny | ||
| 245 |
_aMammals / _cJinny Johnson. |
||
| 260 |
_aHongkong : _bMiles kelley, _c2002. |
||
| 300 | _a39 | ||
| 440 | _aGreat little fact books | ||
| 500 | _aIncludes index | ||
| 650 | _aMammals-Juvenile literature | ||
| 999 |
_c105717 _d105717 |
||